Welcome to CU Library Online Public Access Catalogue (OPAC)

Contemporary nursing : (Record no. 7821)

MARC details
000 -LEADER
fixed length control field 00777cam a2200241 a 4500
001 - CONTROL NUMBER
control field 16254212
005 - DATE AND TIME OF LATEST TRANSACTION
control field 20251027170203.0
008 - FIXED-LENGTH DATA ELEMENTS--GENERAL INFORMATION
fixed length control field 100526s2011 moua b 001 0 eng
020 ## - INTERNATIONAL STANDARD BOOK NUMBER
International Standard Book Number 9780323069533
Qualifying information pbk. : alk. paper
020 ## - INTERNATIONAL STANDARD BOOK NUMBER
International Standard Book Number 0323069533
Qualifying information pbk. : alk. paper
050 00 - LIBRARY OF CONGRESS CALL NUMBER
Classification number RT41
Item number .C564 2011
082 00 - DEWEY DECIMAL CLASSIFICATION NUMBER
Classification number 610.73
Edition information 22
245 00 - TITLE STATEMENT
Title Contemporary nursing :
Remainder of title issues, trends, & management /
Statement of responsibility, etc. [edited by] Barbara Cherry, Susan R. Jacob.
250 ## - EDITION STATEMENT
Edition statement Ed. 5.
260 ## - PUBLICATION, DISTRIBUTION, ETC.
Place of publication, distribution, etc. St. Louis, Mo. :
Name of publisher, distributor, etc. Elsevier/Mosby,
Date of publication, distribution, etc. c2011.
300 ## - PHYSICAL DESCRIPTION
Extent xxvi, 612 p. :
Other physical details col. ill. ;
Dimensions 24 cm.
650 #0 - SUBJECT ADDED ENTRY--TOPICAL TERM
Topical term or geographic name entry element Nursing.
650 12 - SUBJECT ADDED ENTRY--TOPICAL TERM
Topical term or geographic name entry element Nursing
Geographic subdivision United States.
650 22 - SUBJECT ADDED ENTRY--TOPICAL TERM
Topical term or geographic name entry element Nursing Care
Geographic subdivision United States.
700 1# - ADDED ENTRY--PERSONAL NAME
Personal name Cherry, Barbara,
Titles and other words associated with a name MSN.
700 1# - ADDED ENTRY--PERSONAL NAME
Personal name Jacob, Susan R.
942 ## - ADDED ENTRY ELEMENTS (KOHA)
Source of classification or shelving scheme Library of Congress Classification
Koha item type Books
Edition 5th ed.
Suppress in OPAC No
999 ## -
-- 7821
-- 7821
Holdings
Withdrawn status Lost status Source of classification or shelving scheme Damaged status Not for loan Collection Home library Current library Shelving location Date acquired Total checkouts Full call number Barcode Date last seen Copy number Price effective from Koha item type
    Library of Congress Classification     Non-fiction Science Library (Miotso) Science Library (Miotso) General stacks 10/27/2025   RT41 .C564 CON SLM00004595 10/27/2025 1 10/27/2025 Books
© 2023-2024 Copyright: Central University Libraries. All Rights Reserved | Created by: Mahone Tech Office